<?xml version="1.0" encoding="UTF-8"?>
<record
    xmlns:xsi="http://www.w3.org/2001/XMLSchema-instance"
    xsi:schemaLocation="http://www.loc.gov/MARC21/slim http://www.loc.gov/standards/marcxml/schema/MARC21slim.xsd"
    xmlns="http://www.loc.gov/MARC21/slim">

  <leader>00955nam a2200217Ia 4500</leader>
  <controlfield tag="003">IN-BaIIA</controlfield>
  <controlfield tag="008">211028s9999    xx            000 0 eng d</controlfield>
  <datafield tag="020" ind1=" " ind2=" ">
    <subfield code="a">978-0-306-45770-8</subfield>
  </datafield>
  <datafield tag="040" ind1=" " ind2=" ">
    <subfield code="c">IIA Library</subfield>
  </datafield>
  <datafield tag="080" ind1=" " ind2=" ">
    <subfield code="a">535.4(082.2)</subfield>
    <subfield code="b">DIF</subfield>
  </datafield>
  <datafield tag="111" ind1=" " ind2=" ">
    <subfield code="a">International School of Quantum Electronics on Diffractive Optics and Optical Microsyste</subfield>
    <subfield code="c">Italy</subfield>
    <subfield code="d">1996 Nov. 14-24</subfield>
    <subfield code="9">22997</subfield>
  </datafield>
  <datafield tag="245" ind1=" " ind2="0">
    <subfield code="a">Diffractive optics and optical microsystems</subfield>
    <subfield code="b">proceedings of the 20th course of the International school of quantum electronics on diffractive optics and optical microsyste, Erice, Sicily, Italy, November 14-24, 1996</subfield>
    <subfield code="c">edited by S. Martellucci and A. N. Chester                                          </subfield>
  </datafield>
  <datafield tag="260" ind1=" " ind2=" ">
    <subfield code="a">New York</subfield>
    <subfield code="b">Plenum Press</subfield>
    <subfield code="c">1997</subfield>
  </datafield>
  <datafield tag="300" ind1=" " ind2=" ">
    <subfield code="a">ix, 422p.</subfield>
  </datafield>
  <datafield tag="650" ind1=" " ind2=" ">
    <subfield code="a">Diffraction</subfield>
    <subfield code="9">6763</subfield>
  </datafield>
  <datafield tag="650" ind1=" " ind2=" ">
    <subfield code="a">Diffractive optics</subfield>
    <subfield code="9">22998</subfield>
  </datafield>
  <datafield tag="650" ind1=" " ind2=" ">
    <subfield code="a">Optics</subfield>
  </datafield>
  <datafield tag="700" ind1=" " ind2=" ">
    <subfield code="a">Chester, A. N., ed.</subfield>
    <subfield code="9">22999</subfield>
  </datafield>
  <datafield tag="700" ind1=" " ind2=" ">
    <subfield code="a">Martellucci, S., ed.</subfield>
    <subfield code="9">23000</subfield>
  </datafield>
  <datafield tag="942" ind1=" " ind2=" ">
    <subfield code="c">BK</subfield>
  </datafield>
  <datafield tag="999" ind1=" " ind2=" ">
    <subfield code="c">13063</subfield>
    <subfield code="d">13063</subfield>
  </datafield>
  <datafield tag="952" ind1=" " ind2=" ">
    <subfield code="0">0</subfield>
    <subfield code="1">0</subfield>
    <subfield code="4">0</subfield>
    <subfield code="7">0</subfield>
    <subfield code="a">BAN</subfield>
    <subfield code="b">BAN</subfield>
    <subfield code="c">GEN</subfield>
    <subfield code="d">1999-07-12</subfield>
    <subfield code="g">6600.00</subfield>
    <subfield code="l">0</subfield>
    <subfield code="o">535.4(082.2)/ DIF</subfield>
    <subfield code="p">13980</subfield>
    <subfield code="r">2021-11-05</subfield>
    <subfield code="v">6600.00</subfield>
    <subfield code="w">1999-07-12</subfield>
    <subfield code="y">BK</subfield>
    <subfield code="G">Rs. 6600.00</subfield>
  </datafield>
</record>
